000 01016nam a2200253Ia 4500
003 OSt
005 20220923211137.0
006 a|||||r|||| 00| 0
007 ta
008 220922b |||||||| |||| 00| 0 hin d
020 _a8185999198 (hbk)
_c900
024 _a233,287
037 _b418, 28/02/2008, University Book House
_cTextual
040 _aARTS
_cARTS
_bhin
041 _2hin
_ahin
082 _aO152,1N5:g, P7-;1
100 _aपालीवाल, कृष्णदत्त
_9158682
245 0 _aनवजागरण, देशी स्वच्छंदतावाद और नयी काव्यधारा
246 _aNavajāgaraṇa, deshī svachchhandatāvād aur nayī kāvyadhārā
260 _aदिल्ली
_b स्वराज प्रकाशन
_c2007
300 _a259पृ.
_ccm.
942 _hO152,1N5:g, P7-;1
_cTEXL
_2CC
999 _c295874
_d295874